Religion in Albania - Statistics

General Stats
  • This quiz has been taken 104 times
  • The average score is 5 of 8
Answer Stats
Percentage Religion % Correct
56.7% Sunni Islam
100%
2.09% Bektashi
98%
6.75% Orthodox
88%
10.03% Catholic
82%
0.07% Christian
59%
2.5% None
38%
0.02% Other
30%
13.79% Unknown
20%
No matching quizzes found
Score Distribution
Percent of People with Each Score
Percentile by Number Answered
Your Score History
You have not taken this quiz